[Event "Liberec Region-chT 2223"]
[Site "Czech Republic"]
[Date "2023.02.26"]
[Round "9.1"]
[White "Buchcar, Tomas"]
[Black "Kucera, Petr"]
[Result "1/2-1/2"]
[WhiteElo "2156"]
[BlackElo "2199"]
[PlyCount "95"]
[EventDate "2022.10.09"]
[EventType "team-tourn"]
[EventRounds "11"]
[EventCountry "CZE"]
[SourceTitle "EXT 2024"]
[Source "ChessBase"]
[SourceDate "2023.10.10"]
[SourceVersion "1"]
[SourceVersionDate "2023.10.10"]
[SourceQuality "1"]

1. e4 c6 2. d4 d5 3. Nc3 dxe4 4. Nxe4 Nd7 5. Bc4 Ngf6 6. Ng5 e6 7. Qe2 Nb6 8. N1f3 Nxc4 9. Qxc4 h6 10. Nh3 Qd5 11. Qxd5 exd5 12. Nf4 Bf5 13. Nd3 Ne4 14. Be3 0-0-0 15. 0-0-0 g5 16. Nfe5 Nd6 17. g4 Be4 18. f3 Bh7 19. Nc5 f6 20. Ned3 Re8 21. Bf2 b6 22. Na4 Nc4 23. Rde1 Bg7 24. Rxe8+ Rxe8 25. Re1 Rxe1+ 26. Nxe1 f5 27. h3 Nd6 28. Nc3 Bg6 29. Ne2 h5 30. Be3 Bf6 31. b3 fxg4 32. hxg4 h4 33. c3 h3 34. Bg1 Kd7 35. Kd2 Nb5 36. Bh2 c5 37. a4 Nc7 38. Nd3 Ne6 39. Ne5+ Bxe5 40. dxe5 a6 41. Ng1 Bb1 42. Nxh3 Ba2 43. Kc2 c4 44. b4 Bb3+ 45. Kd2 Bxa4 46. Bg1 a5 47. bxa5 bxa5 48. Bb6 1/2-1/2

[Event "Liberec Desko op"]
[Site "Liberec"]
[Date "2020.07.24"]
[Round "8"]
[White "Kucera, Petr"]
[Black "Bartos, Jan"]
[Result "1/2-1/2"]
[WhiteElo "2214"]
[BlackElo "2110"]
[PlyCount "85"]
[EventDate "2020.07.18"]
[EventType "swiss"]
[EventRounds "9"]
[EventCountry "CZE"]
[SourceTitle "CBM 197 Extra"]
[Source "ChessBase"]
[SourceDate "2020.09.30"]
[SourceVersion "1"]
[SourceVersionDate "2020.09.30"]
[SourceQuality "1"]

1. d4 Nf6 2. Bg5 e6 3. e4 h6 4. Bxf6 Qxf6 5. Nf3 b6 6. Bd3 Bb7 7. Nbd2 d6 8. e5 Qe7 9. Qe2 g6 10. 0-0-0 Bg7 11. h4 Nd7 12. Rhe1 0-0-0 13. Ba6 dxe5 14. Bxb7+ Kxb7 15. Qe4+ Kb8 16. Nxe5 Bxe5 17. dxe5 Nc5 18. Qf4 g5 19. hxg5 hxg5 20. Qf3 Rh4 21. Nb3 Nxb3+ 22. axb3 Rhd4 23. Rxd4 Rxd4 24. Rh1 Rh4 25. Rxh4 gxh4 26. Qf4 Qc5 27. c3 Qd5 28. Qxh4 Qxg2 29. Qd4 Qf1+ 30. Kd2 Qb5 31. b4 a5 32. f4 axb4 33. Qxb4 Qd5+ 34. Ke3 Qd7 35. Qd4 Qb5 36. b4 Qf1 37. Qd3 Qg1+ 38. Kf3 Qh1+ 39. Kg4 Qh6 40. b5 f5+ 41. exf6 Qxf6 42. c4 Kc8 43. Qe4 1/2-1/2

[Event "Liberec op 20th"]
[Site "Liberec"]
[Date "2020.02.29"]
[Round "9"]
[White "Akash, G."]
[Black "Kucera, Petr"]
[Result "1-0"]
[WhiteElo "2449"]
[BlackElo "2203"]
[PlyCount "49"]
[EventDate "2020.02.22"]
[EventType "swiss"]
[EventRounds "9"]
[EventCountry "CZE"]
[SourceTitle "CBM 195 Extra"]
[Source "ChessBase"]
[SourceDate "2020.05.31"]
[SourceVersion "1"]
[SourceVersionDate "2020.05.31"]
[SourceQuality "1"]

1. e4 c6 2. d4 d5 3. e5 c5 4. dxc5 Nc6 5. Bb5 e6 6. Be3 Qc7 7. Nf3 Nge7 8. c3 Bd7 9. Bd4 Ng6 10. Bxc6 Qxc6 11. b4 Qa6 12. Qc1 Be7 13. Qe3 f6 14. Nbd2 Ba4 15. c4 dxc4 16. 0-0 f5 17. Rfc1 0-0 18. Nxc4 Qc6 19. Nd6 Bd8 20. Bb2 Ne7 21. b5 Qd7 22. Nd4 a6 23. Qf3 axb5 24. Nxb7 b4 25. c6 1-0

[Event "CZE-chT1W 1617"]
[Site "Czech Republic"]
[Date "2017.02.05"]
[Round "7.3"]
[White "Matras, Ondrej"]
[Black "Kucera, Petr"]
[Result "1/2-1/2"]
[WhiteElo "2241"]
[BlackElo "2261"]
[PlyCount "118"]
[EventDate "2016.10.16"]
[EventType "team-tourn"]
[EventRounds "11"]
[EventCountry "CZE"]
[SourceTitle "CBM 177 Extra"]
[Source "ChessBase"]
[SourceDate "2017.04.27"]
[SourceVersion "1"]
[SourceVersionDate "2017.04.27"]
[SourceQuality "1"]
[WhiteTeam "Praha Grop"]
[BlackTeam "Turnov Zikuda"]
[WhiteTeamCountry "CZE"]
[BlackTeamCountry "CZE"]

1. d4 Nf6 2. c4 c6 3. Nf3 d5 4. e3 g6 5. Bd3 Bg7 6. 0-0 0-0 7. b3 Bg4 8. Nbd2 Nbd7 9. Bb2 Re8 10. h3 Bxf3 11. Nxf3 Qa5 12. a3 Rad8 13. b4 Qc7 14. Qb3 a6 15. Rfc1 Nb6 16. c5 Nc8 17. a4 Na7 18. b5 axb5 19. axb5 Nxb5 20. Bxb5 cxb5 21. Qxb5 Ra8 22. Bc3 Ne4 23. Be1 Qc6 24. Ra5 Rxa5 25. Qxa5 e5 26. Nxe5 Bxe5 27. dxe5 Rxe5 28. f3 Nf6 29. Bc3 Rxe3 30. Qd8+ Ne8 31. Bd4 Re6 32. Rb1 Qa4 33. Qxd5 Qc6 34. Qd8 Qa4 35. Kh2 Re2 36. Rb2 Rxb2 37. Bxb2 Qc6 38. Qd4 f6 39. f4 Qe6 40. Bc3 Kf7 41. Qb4 Qd5 42. Qb6 Kg7 43. Qa5 Qe4 44. Bd2 Qd5 45. Be1 Kf7 46. Bg3 Kg7 47. Qb6 Kf7 48. Be1 Kg7 49. Bf2 Kf7 50. Qa5 Kg7 51. g4 h5 52. Qc3 hxg4 53. hxg4 Qe4 54. Qd2 Kf7 55. Qd7+ Kg8 56. Kg3 Ng7 57. Qd8+ Kf7 58. Qd7+ Kg8 59. Qd8+ Kf7 1/2-1/2

[Event "CZE-chT2B 1516"]
[Site "Czech Republic"]
[Date "2015.11.08"]
[Round "2.2"]
[White "Voloshin, Leonid"]
[Black "Kucera, Petr"]
[Result "1/2-1/2"]
[WhiteElo "2403"]
[BlackElo "2262"]
[PlyCount "68"]
[EventDate "2015.10.18"]
[EventType "team-tourn"]
[EventRounds "11"]
[EventCountry "CZE"]
[SourceTitle "EXT 2022"]
[Source "ChessBase"]
[SourceDate "2021.10.06"]
[SourceVersion "1"]
[SourceVersionDate "2021.10.06"]
[SourceQuality "1"]
[WhiteTeam "Jicin II"]
[BlackTeam "Turnov Zikuda II"]
[WhiteTeamCountry "CZE"]
[BlackTeamCountry "CZE"]

1. c4 Nf6 2. d4 e6 3. Nf3 c5 4. g3 cxd4 5. Nxd4 d5 6. Bg2 e5 7. Nf3 d4 8. 0-0 Nc6 9. e3 Be7 10. exd4 exd4 11. Nbd2 0-0 12. Nb3 Be6 13. Nbxd4 Bxc4 14. Nxc6 bxc6 15. Re1 Bd5 16. Qc2 Bb4 17. Bd2 Bxd2 18. Nxd2 Bxg2 19. Kxg2 Qd5+ 20. Nf3 Rfe8 21. Red1 Qe4 22. Rac1 Rab8 23. b3 Rb6 24. Qxe4 Nxe4 25. Rd7 Ra6 26. Rc2 g6 27. Rc7 c5 28. Nd2 Nxd2 29. Rxd2 Re5 30. Rc2 Ra3 31. Rd7 g5 32. f4 gxf4 33. gxf4 Re3 34. Rd5 Re7 1/2-1/2